Schools of democracy : An Englishman's impressions of secondary education in the American middle-West (Record no. 1341203)

MARC details
000 -LEADER
fixed length control field 00595nam a2200181Ia 4500
005 - DATE AND TIME OF LATEST TRANSACTION
control field 20250508153211.0
008 - FIXED-LENGTH DATA ELEMENTS--GENERAL INFORMATION
fixed length control field 008 250505s9999 xx 000 0 eng d
037 ## - SOURCE OF ACQUISITION
Stock number Textual
040 ## - CATALOGING SOURCE
Original cataloging agency FEDL
Language of cataloging eng
Transcribing agency FEDL
041 ## - LANGUAGE CODE
Language code of text/sound track or separate title eng
Source of code eng
084 ## - COLON CLASSIFICATION NUMBER
Classification number 373.097 3, WAl
Assigning agency FEDL
100 ## - MAIN ENTRY--PERSONAL NAME
Personal name Wales John N
9 (RLIN) 149166
245 #0 - TITLE STATEMENT
Title Schools of democracy : An Englishman's impressions of secondary education in the American middle-West
260 ## - PUBLICATION, DISTRIBUTION, ETC.
Place of publication, distribution, etc. Michigan
Name of publisher, distributor, etc. Michigan State University Press
Date of publication, distribution, etc. 1962
300 ## - PHYSICAL DESCRIPTION
Extent xviii,161p
942 ## - ADDED ENTRY ELEMENTS (KOHA)
Koha item type Textual
Classification part 373.097 3, WAl
Holdings
Withdrawn status Lost status Damaged status Not for loan Home library Current library Date acquired Total Checkouts Full call number Barcode Date last seen Price effective from Koha item type
        Department of Education Library Department of Education Library 2025-05-08   373.097 3, WAl EL0023991 2025-05-08 2025-05-08 Textual
Copyright @ Delhi University Library System